000 00528nam a22001817a 4500
003 OSt
005 20211025035042.0
008 170208b xxu||||| |||| 00| 0 eng d
020 _a0721655238
040 _aMMU
_beng.
_cMMU
_dMMU
050 _aSF745.C8 2000
245 _aCurrent veterinary therapy xiii:
_bsmall animal practice/
_cedited by John D. Bonagura.
260 _aToronto:
_bW. B. Saunders Company,
_c2000.
300 _axii,1308 p.:
_bill. ;
500 _aIncludes index.
650 _aPests.
942 _2lcc
_cLOAN LOAN
999 _c22267
_d22267